000 00951 a2200217 4500
001 63280
005 20260407155929.0
008 260407a1969 arg spa d
003 AR-UNSa-BCEJYS
040 _aAR-UNSa-BCEJYS
_bspa
_cAR-UNSa-BCEJYS
080 _a51-7
_xEstudios y métodos matemáticos en otros campos del conocimiento. Matemáticas científicas. Matemáticas actuariales (Matemáticas Financieras)
245 1 0 _aTemas de matemática financiera
_pteoría y práctica
264 1 _aBuenos Aires :
_bEl Coloquio
_c1969
300 _a254 p.
_c22 cm.
505 _a1. Teoría matemática del interés - 2. Interpolación tangencial - 3. Tasas de interés y de descuento - 4. Rentas - 5. Análisis de las funciones financieras - 6. Cálculo de la tasa de interés - 7. Problemas especiales -
041 _aspa
942 _cBK
590 _aniveau_biblio:m niveau_hierar:0
100 1 _aRoccatagliata, Héctor
700 1 _aFava, Urbano J.
999 _c8090
_d8090